Hoffenheim players (2010-2020) - Statistics

General Stats
  • This quiz has been taken 7 times
  • The average score is 53 of 124
Answer Stats
Rank Player Positions Nationality Matches Goals (assists) Period % Correct
6 Andrej Kramaric AM 132 62 (28) 2015-2020
100%
71 Demba Ba ST 17 6 (3) 2010-2011
100%
2 Oliver Baumann GK 198 0 (1) 2014-2020
100%
14 Ádám Szalai ST 100 23 (11) 2014-2019
86%
44 Koen Casteels GK 39 0 (0) 2012-2014
86%
4 Roberto Firmino ST 140 38 (29) 2010-2015
86%
1 Sebastian Rudy DM 227 12 (32) 2010-2017, 2019-2020
86%
43 Vedad Ibisevic ST 41 13 (3) 2010-2012
86%
3 Andreas Beck RB 161 3 (14) 2010-2015
71%
63 Andreas Ibertsberger LB 21 0 (0) 2010-2012
71%
8 Eugen Polanski DM 123 9 (7) 2012-2018
71%
17 Fabian Johnson LM 87 5 (16) 2011-2014
71%
45 Gylfi Sigurdsson AM 36 9 (4) 2010-2012
71%
49 Ihlas Bebou ST 32 6 (2) 2019-2020
71%
24 Jannik Vestergaard CB 71 4 (1) 2010-2015
71%
13 Kevin Vogt CB 101 0 (1) 2016-2020
71%
7 Kevin Volland AM 132 33 (38) 2012-2016
71%
22 Marvin Compper CB 78 4 (4) 2010-2013
71%
11 Niklas Süle CB 108 7 (3) 2012-2017
71%
25 Pirmin Schwegler DM 59 1 (8) 2014-2017
71%
39 Ryan Babel LW 46 5 (4) 2010-2012
71%
42 Sandro Wagner ST 42 15 (6) 2016-2018
71%
10 Sejad Salihovic CM 110 34 (20) 2010-2015
71%
62 Serge Gnabry LW 22 10 (7) 2017-2018
71%
88 Tim Wiese GK 10 0 (0) 2012-2013
71%
66 Vincenzo Grifo LW 20 1 (3) 2012-2013, 2018-2020
71%
29 Anthony Modeste ST 55 19 (6) 2013-2015
57%
16 Benjamin Hübner CB 87 6 (9) 2016-2020
57%
69 Chinedu Obasi ST 18 0 (1) 2010-2012
57%
70 David Alaba CB 17 2 (0) 2010-2011
57%
38 Dennis Geiger CM 46 2 (6) 2017-2020
57%
64 Diadié Samassékou DM 21 0 (1) 2019-2020
57%
53 Eduardo Vargas ST 29 2 (5) 2015-2017
57%
9 Ermin Bicakcic CB 118 5 (4) 2014-2020
57%
18 Florian Grillitsch DM 86 1 (9) 2017-2020
57%
119 Gregor Kobel GK 1 0 (0) 2018-2019
57%
82 Jacob Bruun Larsen LW 11 0 (1) 2019-2020
57%
47 Jin-su Kim LB 34 0 (1) 2014-2016
57%
54 Joelinton CM 29 7 (7) 2015-2016, 2018-2019
57%
58 Jonathan Schmid RM 23 4 (0) 2015-2016
57%
56 Joselu ST 25 5 (2) 2012-2013
57%
35 Kevin Akpoguma CB 48 0 (1) 2017-2020
57%
94 Konstantinos Stafylidis LB 7 1 (0) 2019-2020
57%
114 Luis Advíncula RB 2 0 (0) 2012-2013
57%
72 Luiz Gustavo DM 17 2 (3) 2010-2011
57%
21 Mark Uth ST 78 29 (12) 2015-2018
57%
78 Munas Dabbur ST 14 4 (1) 2019-2020
57%
27 Nico Schulz LB 57 2 (10) 2017-2019
57%
5 Pavel Kaderabek RB 138 7 (18) 2015-2020
57%
36 Tobias Weis CM 48 2 (4) 2010-2013
57%
55 Christoph Baumgartner AM 28 7 (4) 2018-2020
43%
37 David Abraham CB 46 2 (2) 2012-2015
43%
50 Edson Braafheid LB 31 1 (4) 2010-2012
43%
67 Eren Derdiyok ST 19 1 (1) 2012-2013
43%
46 Håvard Nordtveit DM 34 0 (1) 2017-2020
43%
89 Heurelho Gomes GK 9 0 (0) 2012-2013
43%
33 Isaac Vorsah CB 51 3 (0) 2010-2012
43%
48 Ishak Belfodil ST 33 16 (5) 2018-2020
43%
28 Jeremy Toljan RB 56 2 (1) 2013-2018
43%
83 Jürgen Locadia ST 11 4 (1) 2019-2020
43%
79 Kasim Adams CB 13 0 (1) 2018-2019
43%
23 Kerem Demirbay CM 73 12 (21) 2016-2019
43%
77 Kevin Kuranyi ST 14 0 (0) 2015-2016
43%
73 Knowledge Musona AM 16 0 (2) 2011-2012
43%
90 Marco Terrazzino CF 9 1 (3) 2016-2017
43%
59 Matthieu Delpierre CB 23 1 (1) 2012-2013
43%
60 Reiss Nelson RW 23 7 (1) 2018-2019
43%
51 Robert Skov LM 31 4 (9) 2019-2020
43%
75 Sargis Adamyan ST 15 5 (2) 2019-2020
43%
31 Stefan Posch CB 54 0 (1) 2017-2020
43%
87 Stephan Schröck LM 10 0 (0) 2012-2013
43%
15 Steven Zuber AM 96 9 (8) 2014-2020
43%
26 Tom Starke GK 58 0 (0) 2010-2012
43%
34 Boris Vukcevic RW 49 5 (3) 2010-2013
29%
109 Bruno Nazário AM 2 0 (0) 2013-2014
29%
84 Daniel Haas GK 10 0 (0) 2010-2012
29%
40 Danny Williams DM 45 1 (1) 2011-2013
29%
52 Fabian Schär CB 30 1 (0) 2015-2017
29%
92 Igor de Camargo ST 8 1 (0) 2012-2013
29%
80 Jens Grahl GK 12 0 (0) 2013-2014, 2015-2016
29%
74 Jiloan Hamad AM 15 1 (0) 2013-2016
29%
76 Joshua Brenet RB 14 2 (1) 2018-2019
29%
86 Josip Simunic CB 10 0 (0) 2010-2011
29%
121 Manuel Gulde CB 1 0 (0) 2010-2011
29%
91 Matthias Jaissle CB 9 0 (0) 2010-2011
29%
12 Nadiem Amiri CM 106 11 (13) 2014-2019
29%
81 Patrick Ochs RB 12 0 (0) 2012-2013
29%
30 Peniel Mlapa ST 54 5 (3) 2010-2012
29%
68 Philipp Ochs LW 19 0 (2) 2015-2018
29%
104 Philipp Pentke GK 4 0 (0) 2019-2020
29%
93 Prince Tagoe ST 8 0 (0) 2010-2012
29%
108 Robin Szarka DM 3 0 (0) 2012-2014
29%
124 Sandro Wieser DM 1 0 (0) 2011-2012
29%
95 Srdjan Lakic ST 7 0 (0) 2011-2012
29%
20 Sven Schipplock ST 84 16 (12) 2011-2015
29%
65 Takashi Usami CF 20 2 (2) 2012-2013
29%
32 Tarik Elyounoussi ST 52 4 (5) 2013-2016
29%
19 Tobias Strobl DM 86 1 (4) 2011-2012, 2013-2016
29%
117 Alexander Stolz GK 1 0 (0) 2013-2014
14%
101 Christian Eichner LB 4 0 (1) 2010-2011
14%
120 Ilay Elmkies CM 1 0 (0) 2019-2020
14%
112 Justin Hoogma CB 2 0 (0) 2018-2019
14%
57 Kai Herdling LW 24 2 (3) 2013-2015
14%
61 Leonardo Bittencourt CM 22 1 (3) 2018-2020
14%
113 Lucas Ribeiro CB 2 1 (0) 2019-2020
14%
41 Lukas Rupp CM 43 5 (3) 2016-2020
14%
96 Maximilian Beier ST 6 0 (0) 2019-2020
14%
100 Robert Zulj AM 5 0 (0) 2017-2018
14%
123 Russell Canouse CM 1 0 (0) 2015-2016
14%
97 Stefan Thesker CB 6 0 (0) 2012-2014
14%
118 Alfons Amade DM 1 0 (0) 2018-2019
0%
98 Andreas Ludwig CM 5 0 (1) 2012-2013
0%
105 Baris Atik LW 3 0 (0) 2016-2017
0%
106 David Otto ST 3 0 (0) 2018-2019
0%
102 Denis Streker DM 4 0 (0) 2012-2013
0%
103 Denis Thomalla AM 4 0 (0) 2010-2011
0%
85 Dominik Kaiser CM 10 0 (0) 2010-2012
0%
110 Felix Passlack RB 2 0 (0) 2017-2018
0%
111 Joe Gyau LW 2 0 (0) 2013-2014
0%
99 Kenan Karaman ST 5 0 (0) 2013-2014
0%
115 Melayro Bogarde CB 2 0 (0) 2019-2020
0%
122 Patrick Schorr DM 1 0 (0) 2012-2013
0%
116 Pelle Jensen CB 2 0 (0) 2012-2013
0%
107 Robin Hack LW 3 1 (0) 2017-2018
0%
No matching quizzes found
Score Distribution
Percent of People with Each Score
Percentile by Number Answered
Your Score History
You have not taken this quiz